Desarrollo y programacîon de sistemas digitales / Martînez Sânchez, Victoriano A. (Registro nro. 13252)
[ vista simple ]
| 000 -LÍDER | |
|---|---|
| fixed length control field | 00498nam a2200157 4500 |
| 008 - ELEMENTOS DE LONGITUD FIJA -- INFORMACIÓN GENERAL | |
| fixed length control field | 0 1993 0z 000 0ARG |
| 020 ## - NÚMERO INTERNACIONAL NORMALIZADO PARA LIBROS | |
| ISBN | 0-201-623536 |
| 050 ## - SIGNATURA TOPOGRAFICA DE LA BIBLIOTECA DEL CONGRESO (LC) | |
| Número de Clasificación | QA76.7 M385 |
| 082 ## - NUMERO DE CLASIFICACION DECIMAL DEWEY | |
| Número de Clasificación | 001.64 M334d |
| 100 ## - ASIENTO PRINCIPAL--NOMBRE PERSONAL | |
| Nombre personal | Martînez Sânchez, Victoriano Angel |
| 245 ## - TÍTULO | |
| Título | Desarrollo y programacîon de sistemas digitales / Martînez Sânchez, Victoriano A. |
| 260 ## - PUBLICACIÓN, DISTRIBUCIÓN, ETC. (PIE DE IMPRENTA) | |
| Lugar de publicación, distribución, etc. | Argentina : Addison-Wesley |
| 300 ## - DESCRIPCIÓN FÍSICA | |
| Extensión | 450 p. / 23.2 cm. |
| 500 ## - NOTA GENERAL | |
| Nota general | Incluye Indice |
| 650 ## - ASIENTO SECUNDARIO DE MATERIA - TERMINO TEMÁTICO | |
| Término temático o nombre geográfico como elemento de entrada | 1.MICROPROCESADORES |
| No. biblioteca | No. biblioteca | Número de clasificación | Código de barras/Número de adquisición | Número de copia | Tipo de material |
|---|---|---|---|---|---|
| LUIS G. INCLAN | LUIS G. INCLAN | 001.64 M334d | 30736 | 1 | Libros |
